Austrian Bundesliga Clubs by Badge - Statistics

General Stats
  • This quiz has been taken 49 times
  • The average score is 7 of 12
Answer Stats
Picture Answer % Correct
Rapid Wien
97%
Red Bull Salzburg
97%
Austria Wien
89%
Sturm Graz
87%
LASK
79%
Wolfsberger AC
63%
WSG Tirol
47%
SV Ried
42%
TSV Hartberg
42%
Blau-Weiß Linz
39%
Grazer AK
32%
SC Rheindorf Altach
24%
No matching quizzes found
Score Distribution
Percent of People with Each Score
Percentile by Number Answered
Your Score History
You have not taken this quiz